| 000 | 00706cam a22002292 4500 | ||
|---|---|---|---|
| 001 | 0000019869 | ||
| 005 | 20151021151135.0 | ||
| 008 | 110301s xx 000 0 eng d | ||
| 020 | _a0071106016 | ||
| 040 |
_aKABU _cKABU |
||
| 100 | 1 |
_aEtzel, Michael J. _@0000178314 |
|
| 245 | 1 | 0 |
_aMarketing / _cMichael J. Etzel, Bruce J. Walker, William J. Stanton. |
| 250 | _a14th ed. | ||
| 260 |
_aNew Delhi : _bTata Mcgraw-Hill, _c2007. |
||
| 300 | _axxii, 706 p. | ||
| 650 | 0 |
_aMarketing. _@0000151351 |
|
| 700 | 1 |
_aWalker, Bruce J. _@0000179838 |
|
| 700 | 1 |
_aStanton, William J. _@0000178984 |
|
| 852 | 1 | _9p2900 KES | |
| 908 | _a110301 | ||
| 950 | _@1 | ||
| 999 |
_c1126 _d1126 |
||